Представление документа в формате MARC21

Поле Инд. ПП Название Значение
Тип записи a
Библиографический уровень m
001 Контрольный номер RU/IS/BASE/161881818
005 Дата корректировки 20260126080030.1
008 Кодируемые данные 20050216
022 a ISSN 0579-9368
041 a Код языка текста rus
084 a Индекс другой классификации/Индекс ББК 22.1; 22.2
090 a Полочн. индекс 95.4+22
097 00 a 110
245 00 a Заглавие Вестник Московского университета. Серия 1, Математика и механика
b Продолж. заглавия научный журнал
c Ответственность учредитель: МГУ им. М. В. Ломоносова. Механико-математический факультет; гл. ред. О. Б. Лупанов
n Номер части/ раздела №6/1995
260 00 a Место издания Москва
b Издательство Издательство Московского университета
c Дата издания 1995
300 a Объем 120 с.
500 00 a Примечание Журнал
650 a Основная рубрика математика
a Основная рубрика механика
a Основная рубрика физико-математические науки
773 w Контрольный № источника cb36ef1011a846678e5ff142077aafd8
901 t Тип документа s
952 a Тип литературы для КСУ ВШ НЖ